000 01073cam a22002772 4500
001 0000002522
005 20151217145729.0
008 070412s xx 000 0 eng d
020 _a0618124225 (student text) :
_cKES 4,480
040 _aKABU
_cKABU
050 0 _aHF5635
_b.N44 2002
100 1 _aNeedles, Belverd E.
_@0000151783
245 1 0 _aPrinciples of accounting /
_cBelverd E. Needles, Jr., Marian Powers, Susan V. Crosson.
250 _a2002 [ed.]
260 _aBoston :
_bHoughton Mifflin Co.,
_cc2002.
300 _axivi, 1249 p. :
_bcol. ill. ;
_c29 cm +
_e1 computer laser optical disc (4 3/4 in.)
500 _aRev. ed. of: Principles of accounting / Belverd E. Needles, Jr... et al. 7th ed. c1999.
504 _aIncludes bibliographical references and indexes.
650 0 _aAccounting.
_@0000148321
700 1 _aPowers, Marian.
_@0000151901
700 1 _aCrosson, Susan V.
_@0000151784
908 _a070412
950 _@1
999 _c2010
_d2010